00515nam a2200193 a 4500001001300000003000900013005001700022008004100039020001200080082001300092100001900105245005000124260004200174300000900216500003500225505001700260650001600277650002800293nice12345678IN_TiNIC20260116012136.0050524s1978 newa grp 000 0 eng  ac381.600a958bHEF aHefley, Maruti aArabs, Christians, Jewsb They Want Peace Now aNew JerseybLogos Internationalc1978 a245p aincludes index and biblioraphy2 aBibliography aMiddle East aIslam-Relations Judaism